"Haurietis aquas" (Record no. 120123)
[ view plain ]
| 000 -LEADER | |
|---|---|
| campo de control de longitud fija | 00605nam a2200181 4500 |
| 001 - NÚMERO DE CONTROL | |
| campo de control | 120123 |
| 003 - IDENTIFICADOR DE NÚMERO DE CONTROL | |
| campo de control | ES-MaACL |
| 005 - FECHA Y HORA DE LA ÚLTIMA TRANSACCIÓN | |
| campo de control | 20230906191453.0 |
| 007 - CAMPO FIJO DE DESCRIPCIÓN FÍSICA--INFORMACIÓN GENERAL | |
| campo de control de longitud fija | t| |
| 008 - DATOS DE LONGITUD FIJA--INFORMACIÓN GENERAL | |
| campo de control de longitud fija | 070214q1956 sp r ||||1| spa d |
| 110 2# - ENTRADA PRINCIPAL--NOMBRE DE ENTIDAD CORPORATIVA | |
| Nombre de entidad corporativa o nombre de jurisdicción como elemento de entrada | Iglesia Católica. |
| Unidad subordinada | Papa (1939-1958: Pío XII) |
| 9 (RLIN) | 4666 |
| 245 11 - MENCIÓN DEL TÍTULO | |
| Título | "Haurietis aquas" |
| Resto del título | : carta encíclica de S.S. Pío XII sobre el culto al Sagrado Corazón de Jesús. |
| 260 ## - PUBLICACIÓN, DISTRIBUCIÓN, ETC. | |
| Lugar de publicación, distribución, etc. | Salamanca : |
| Nombre del editor, distribuidor, etc. | Sígueme, |
| Fecha de publicación, distribución, etc. | [ca. 1956] |
| 300 ## - DESCRIPCIÓN FÍSICA | |
| Extensión | 87 p. ; |
| Dimensiones | 15 cm. |
| 650 #4 - PUNTO DE ACCESO ADICIONAL DE MATERIA--TÉRMINO DE MATERIA | |
| Término de materia o nombre geográfico como elemento de entrada | Sagrado Corazón de Jesús- |
| Subdivisión general | Culto. |
| 9 (RLIN) | 140224 |
| 700 0# - ENTRADA AGREGADA--NOMBRE PERSONAL | |
| Nombre de persona | Pío |
| Numeración | XII, |
| Títulos y otros términos asociados al nombre | Papa. |
| 9 (RLIN) | 92302 |
| 852 ## - LOCALIZACIÓN | |
| Ubicación | ES-MaACL |
| Número de control de estantería | C-47192 |
| Estatus retirado | Estado de pérdida | Estado de daño | No para préstamo | Biblioteca de origen | Biblioteca actual | Ubicación en estantería | Fecha de adquisición | Fuente de adquisición | Total de préstamos | Signatura topográfica completa | Código de barras | Visto por última vez | Precio de reemplazo | Tipo de ítem Koha |
|---|---|---|---|---|---|---|---|---|---|---|---|---|---|---|
| Biblioteca del Ateneo de Madrid | Biblioteca del Ateneo de Madrid | Depósito 2 | 17/01/2008 | C-47192 | 1125211 | 23/02/2023 | 23/02/2023 | Libro impreso |
